[Event "Berlin Lichtenberger op 18th"]
[Site "Berlin"]
[Date "2019.08.19"]
[Round "3"]
[White "Schubert, Joachim"]
[Black "Woinowski, Michael"]
[Result "1-0"]
[WhiteElo "1923"]
[BlackElo "1768"]
[PlyCount "115"]
[EventDate "2019.08.17"]
[EventType "swiss"]
[EventRounds "9"]
[EventCountry "GER"]
[SourceTitle "EXT 2020"]
[Source "ChessBase"]
[SourceDate "2019.10.17"]
[SourceVersion "1"]
[SourceVersionDate "2019.10.17"]
[SourceQuality "1"]

1. e4 e5 2. Nf3 Nc6 3. Bb5 a6 4. Ba4 Nf6 5. 0-0 b5 6. Bb3 Bc5 7. c3 d6 8. d4 Bb6 9. h3 Bb7 10. Re1 0-0 11. Bg5 h6 12. Bh4 g5 13. Bg3 Re8 14. d5 Ne7 15. Nbd2 c6 16. dxc6 Bxc6 17. Kh2 Ng6 18. Qc2 Qc7 19. Rad1 Rad8 20. Nf1 Qb7 21. N3d2 Nf4 22. Bxf4 exf4 23. e5 Nd5 24. e6 Kg7 25. Qf5 fxe6 26. Rxe6 Rxe6 27. Qxe6 Re8 28. Qf5 Re5 29. Qd3 Nf6 30. f3 d5 31. Bc2 Be8 32. Nb3 Bf7 33. Nd4 Kf8 34. Qd2 h5 35. Qf2 Be8 36. g3 fxg3+ 37. Nxg3 h4 38. Nge2 Qe7 39. f4 Ne4 40. Bxe4 Rxe4 41. fxg5+ Kg8 42. Qf3 Qe5+ 43. Kh1 Bc7 44. Qf2 Re3 45. Ng1 Bh5 46. Rf1 Bd6 47. Qg2 Rg3 48. Qh2 Bg6 49. Ngf3 Be4 50. Re1 Bxf3+ 51. Nxf3 Qf5 52. Nxh4 Qf4 53. Ng2 Qf2 54. Rd1 Qe2 55. Re1 Qf3 56. Re3 Qf1+ 57. Qg1 Rxh3+ 58. Rxh3 1-0

[Event "Berlin Lichtenberger op 18th"]
[Site "Berlin"]
[Date "2019.08.18"]
[Round "2"]
[White "Woinowski, Michael"]
[Black "Kirves, Martin"]
[Result "1-0"]
[WhiteElo "1768"]
[BlackElo "1498"]
[PlyCount "45"]
[EventDate "2019.08.17"]
[EventType "swiss"]
[EventRounds "9"]
[EventCountry "GER"]
[SourceTitle "EXT 2020"]
[Source "ChessBase"]
[SourceDate "2019.10.17"]
[SourceVersion "1"]
[SourceVersionDate "2019.10.17"]
[SourceQuality "1"]

1. e4 e6 2. d4 d5 3. Nc3 Nf6 4. e5 Nfd7 5. f4 c5 6. Nf3 Nc6 7. Be3 Be7 8. Bd3 0-0 9. 0-0 a6 10. f5 cxd4 11. fxe6 fxe6 12. Nxd4 Ndxe5 13. Nxc6 bxc6 14. Bxh7+ Kxh7 15. Qh5+ Kg8 16. Qxe5 Bf6 17. Qh5 d4 18. Rad1 Qb6 19. Rxf6 dxe3 20. Rxf8+ Kxf8 21. Rf1+ Ke7 22. Rf7+ Ke8 23. Rxg7+ 1-0

[Event "Berlin-ch QT"]
[Site "Berlin"]
[Date "2018.04.08"]
[Round "9"]
[White "Shpati, Ted"]
[Black "Woinowski, Michael"]
[Result "1-0"]
[WhiteElo "2081"]
[BlackElo "1776"]
[PlyCount "85"]
[EventDate "2018.03.31"]
[EventType "swiss"]
[EventRounds "9"]
[EventCountry "GER"]
[SourceTitle "EXT 2020"]
[Source "ChessBase"]
[SourceDate "2019.10.17"]
[SourceVersion "1"]
[SourceVersionDate "2019.10.17"]
[SourceQuality "1"]

1. e4 e5 2. Nf3 Nc6 3. Bb5 a6 4. Bxc6 dxc6 5. Nc3 f6 6. d4 exd4 7. Nxd4 c5 8. Nde2 Qxd1+ 9. Nxd1 Bd7 10. Bf4 0-0-0 11. Ne3 Ne7 12. 0-0-0 Ng6 13. Bg3 b6 14. Nc3 Ne5 15. Ncd5 b5 16. Rhe1 Bd6 17. Nb6+ Kb7 18. Nxd7 Rxd7 19. Bxe5 fxe5 20. c4 g6 21. Kc2 h5 22. Rd3 Rf7 23. f3 Kc6 24. a4 b4 25. Kd2 Rhf8 26. Ke2 Kd7 27. b3 Ke6 28. Nd5 g5 29. Ne3 Rf6 30. Nf5 Rg8 31. Kf2 Rfg6 32. g3 h4 33. Red1 Rd8 34. Rg1 Rdg8 35. gxh4 gxh4 36. Rxg6+ Rxg6 37. Nxh4 Rh6 38. Kg3 Be7 39. Nf5 Rg6+ 40. Kf2 c6 41. h4 Rg8 42. h5 Bg5 43. Rd6+ 1-0

[Event "Berlin Lichtenberger op 16th"]
[Site "Berlin"]
[Date "2017.08.26"]
[Round "8"]
[White "Woinowski, Michael"]
[Black "Bender, Leon"]
[Result "0-1"]
[WhiteElo "1761"]
[BlackElo "2016"]
[PlyCount "78"]
[EventDate "2017.08.19"]
[EventType "swiss"]
[EventRounds "9"]
[EventCountry "GER"]
[SourceTitle "CBM 180 Extra"]
[Source "ChessBase"]
[SourceDate "2017.10.06"]
[SourceVersion "1"]
[SourceVersionDate "2017.10.06"]
[SourceQuality "1"]

1. e4 e5 2. Nf3 Nc6 3. Bb5 a6 4. Ba4 Nf6 5. 0-0 Be7 6. Re1 b5 7. Bb3 0-0 8. a4 b4 9. d4 d6 10. c3 Bg4 11. d5 Na5 12. cxb4 Nxb3 13. Qxb3 Rb8 14. Bd2 Qd7 15. Qd3 c6 16. dxc6 Qxc6 17. b3 Bxf3 18. gxf3 d5 19. exd5 Nxd5 20. Rxe5 Rbd8 21. b5 axb5 22. axb5 Qf6 23. Qf5 g6 24. Qe4 Bd6 25. Rxd5 Qxa1 26. Bc3 Qa7 27. Bf6 Bxh2+ 28. Kxh2 Qxf2+ 29. Kh1 Rxd5 30. Qxd5 Re8 31. Be7 Qe1+ 32. Kg2 Qe2+ 33. Kg3 Qxe7 34. Nd2 Rd8 35. Qc4 Rxd2 36. Qc8+ Rd8 37. Qc1 Qe5+ 38. f4 Qxb5 39. Qc2 Qd3+ 0-1

[Event "Berlin Lichtenberger op 16th"]
[Site "Berlin"]
[Date "2017.08.24"]
[Round "6"]
[White "Woinowski, Michael"]
[Black "Jaeger, Andre"]
[Result "0-1"]
[WhiteElo "1761"]
[BlackElo "1994"]
[PlyCount "112"]
[EventDate "2017.08.19"]
[EventType "swiss"]
[EventRounds "9"]
[EventCountry "GER"]
[SourceTitle "CBM 180 Extra"]
[Source "ChessBase"]
[SourceDate "2017.10.06"]
[SourceVersion "1"]
[SourceVersionDate "2017.10.06"]
[SourceQuality "1"]

1. e4 c5 2. Nc3 e6 3. g3 d5 4. Bg2 d4 5. Nce2 d3 6. cxd3 Qxd3 7. Nf4 Qd7 8. Nf3 Nc6 9. d3 Nf6 10. 0-0 Be7 11. b3 0-0 12. Bb2 Rd8 13. a3 b6 14. e5 Ne8 15. Ne1 Bb7 16. Qg4 Nd4 17. Bxb7 Qxb7 18. Bxd4 Rxd4 19. Nf3 Rd7 20. Ng5 Bxg5 21. Qxg5 Qf3 22. Qh4 h6 23. Rae1 Rd4 24. Re3 Qb7 25. Rfe1 Kh7 26. Qh3 Rad8 27. Nxe6 fxe6 28. Qxe6 Qd7 29. Qxd7 R8xd7 30. f4 Rxd3 31. Kf2 Rxe3 32. Rxe3 Kg8 33. Kf3 Kf8 34. g4 Rd4 35. h4 Nc7 36. f5 Nd5 37. Re1 b5 38. e6 Ke7 39. Re5 c4 40. bxc4 bxc4 41. g5 hxg5 42. hxg5 c3 43. f6+ gxf6 44. gxf6+ Kxf6 45. e7 Nxe7 46. Rc5 Nd5 47. Ke2 Ke5 48. Rc8 Rd2+ 49. Ke1 Ra2 50. Rc4 Rxa3 51. Ke2 Ra2+ 52. Kd1 a5 53. Rc8 Kd4 54. Rh8 Ra1+ 55. Ke2 c2 56. Rh4+ Kc5 0-1

[Event "Berlin Lichtenberger op 14th"]
[Site "Berlin"]
[Date "2015.08.15"]
[Round "1"]
[White "Kather, Yannick"]
[Black "Woinowski, Michael"]
[Result "1/2-1/2"]
[WhiteElo "2041"]
[BlackElo "1748"]
[PlyCount "75"]
[EventDate "2015.08.15"]
[EventType "swiss"]
[EventRounds "9"]
[EventCountry "GER"]
[SourceTitle "EXT 2016"]
[Source "ChessBase"]
[SourceDate "2015.10.08"]
[SourceVersion "1"]
[SourceVersionDate "2015.10.08"]
[SourceQuality "1"]

1. e4 e5 2. Nc3 Nc6 3. g3 Nf6 4. Bg2 Bc5 5. Nge2 d6 6. Na4 Bg4 7. f3 Bh5 8. Nxc5 dxc5 9. 0-0 Qd7 10. d3 0-0-0 11. Be3 Qe7 12. Qe1 Nd4 13. Qf2 Nd7 14. Bxd4 cxd4 15. c3 c5 16. b4 Kb8 17. bxc5 Nxc5 18. cxd4 Nxd3 19. Qe3 Nb4 20. Rac1 exd4 21. Nxd4 Nd5 22. Qf2 Nb6 23. Nf5 Qf6 24. Kh1 Bg6 25. Ne3 Rhe8 26. Nc4 Qd4 27. Qxd4 Rxd4 28. Nxb6 axb6 29. Rb1 Rd2 30. Rxb6 Re6 31. Rxe6 fxe6 32. a3 Be8 33. e5 Bc6 34. Kg1 Ra2 35. Bh3 Bd5 36. a4 Rxa4 37. Rf2 b5 38. Rd2 1/2-1/2

[Event "Berlin Lichtenberger op 13th"]
[Site "Berlin"]
[Date "2014.08.20"]
[Round "5"]
[White "Woinowski, Michael"]
[Black "Luebke, Thomas"]
[Result "0-1"]
[WhiteElo "1731"]
[BlackElo "1936"]
[PlyCount "124"]
[EventDate "2014.08.16"]
[EventType "swiss"]
[EventRounds "9"]
[EventCountry "GER"]
[SourceTitle "CBM 161 Extra"]
[Source "ChessBase"]
[SourceDate "2014.08.29"]
[SourceVersion "1"]
[SourceVersionDate "2014.08.29"]
[SourceQuality "1"]

1. e4 c5 2. Nf3 d6 3. d4 cxd4 4. Nxd4 Nf6 5. Nc3 a6 6. Be2 e5 7. Nb3 Be6 8. Bg5 Be7 9. Qd2 Nbd7 10. 0-0 Rc8 11. f4 0-0 12. Rad1 h6 13. fxe5 dxe5 14. Be3 Qc7 15. Nd5 Bxd5 16. exd5 Qxc2 17. Bf3 Bd6 18. Qa5 Qg6 19. Rc1 e4 20. Be2 Ng4 21. Bxg4 Qxg4 22. Qd2 Ne5 23. Nd4 Nc4 24. Qf2 Qh5 25. h3 Qxd5 26. Nf5 Nxe3 27. Rxc8 Rxc8 28. Nxd6 Qxd6 29. Qxe3 Qc5 30. Re1 f5 31. Qxc5 Rxc5 32. g4 g6 33. Rd1 Rc7 34. gxf5 gxf5 35. Rd6 Kg7 36. b4 Rc6 37. Rd7+ Kg6 38. Rxb7 Kg5 39. b5 axb5 40. Rxb5 Rc1+ 41. Kf2 Rc2+ 42. Ke3 Rxa2 43. h4+ Kg4 44. Rb6 Ra3+ 45. Ke2 Rh3 46. Rxh6 Rxh4 47. Rg6+ Kf4 48. Rg2 Rh3 49. Kf1 Ra3 50. Re2 Rf3+ 51. Kg1 e3 52. Kg2 Rg3+ 53. Kf1 Kf3 54. Rf2+ Ke4 55. Rb2 f4 56. Rb4+ Kf3 57. Rb2 Rg8 58. Rf2+ Ke4 59. Rb2 Rd8 60. Rb4+ Kf3 61. Rb1 e2+ 62. Ke1 Rd1+ 0-1

[Event "Berlin-ch QT"]
[Site "Berlin"]
[Date "2014.04.19"]
[Round "1"]
[White "Pueschel, Werner"]
[Black "Woinowski, Michael"]
[Result "1-0"]
[WhiteElo "2103"]
[BlackElo "1736"]
[PlyCount "99"]
[EventDate "2014.04.19"]
[EventType "swiss"]
[EventRounds "9"]
[EventCountry "GER"]
[SourceTitle "EXT 2022"]
[Source "ChessBase"]
[SourceDate "2021.10.06"]
[SourceVersion "1"]
[SourceVersionDate "2021.10.06"]
[SourceQuality "1"]

1. e4 d5 2. exd5 Qxd5 3. Nc3 Qa5 4. Bc4 Nf6 5. Nf3 Bg4 6. 0-0 e6 7. h3 Bh5 8. Bb5+ c6 9. Be2 Nbd7 10. d3 Bd6 11. Bd2 Qc7 12. Re1 0-0 13. a4 a5 14. g4 Bg6 15. Nh4 Nd5 16. Nxd5 exd5 17. Bf1 Qb6 18. b3 Bg3 19. Be3 d4 20. fxg3 dxe3 21. Qe2 Rae8 22. Bg2 Nf6 23. Rad1 Nd5 24. Bxd5 cxd5 25. Kh2 d4 26. Rf1 Rc8 27. Rf4 Qc5 28. Rc1 Qa3 29. Rg1 Qb2 30. Rg2 Rc7 31. Nf3 Rd7 32. Ne5 Rd5 33. Nc4 Qc3 34. Qf3 Rfd8 35. h4 f6 36. h5 Be8 37. Qe4 Qe1 38. h6 Bg6 39. Qf3 b5 40. axb5 Rxb5 41. hxg7 Rdd5 42. Rg1 Qc3 43. Rg2 Qe1 44. Re2 Qa1 45. Kg2 Rh5 46. gxh5 Rxh5 47. Qf1 Qa2 48. Rxd4 Bf5 49. Rh4 Rg5 50. Nxe3 1-0